000
00327nam a22001577a 4500
020
_a
81-8204-042-6
082
_a
647
_b
SIN
100
_a
SINGH,D.K
245
_a
TEXT BOOK OF TOURISM
250
_a
1ST
260
_a
DELHI
_b
AMAN PUBLISHER
_c
2007
300
_a
302
650
_a
TOURISM
653
_a
TOURISM
942
_2
ddc
_c
BK
999
_c
8021
_d
8021